000 00505nam a2200205Ia 4500
003 GCL
008 140319s9999 xx 000 0 eng d
040 _aGCL /
_cGCL
082 0 4 _aCH
_b741.235
_bW I
100 1 _aWRIGHT, MICHAEL
245 1 0 _aAN INTRODUCTION TO PASTELS /
_cWRIGHT, MICHAEL
260 _a[S.N] :
_bDORLING KINDERSLEY ،
_c1993
300 _a72 P
650 0 4 _aDRAWING
650 0 4 _aCHILDREN
650 0 4 _aARTS
650 0 4 _aDECORATIVE ARTS
650 0 4 _aPASTEL
942 _2ddc
_cBK
999 _c15066
_d15066